WILLOW Charting Songs (Billboard Hot Rock) - Statistics

General Stats
  • This quiz has been taken 8 times
    4 since last reset
  • The average score is 2 of 6
Answer Stats
Album Weeks On Peak Artist(s) Song % Correct
Non-Album Single 2 Weeks #22 PinkPantheress ft. WILLOW Where You Are
67%
Mainstream Sellout 20 Weeks #9 Machine Gun Kelly ft. WILLOW Emo Girl
33%
Lately I Feel Everything 1 Week #46 WILLOW & Avril Lavigne ft. Travis Barker G L O W
33%
The Anxiety 43 Weeks #3 The Anxiety: WILLOW & Tyler Cole Meet Me At Our Spot
33%
Lately I Feel Everything 26 Weeks #10 WILLOW ft. Travis Barker T R A N S P A R E N T S O U L
33%
Non-Album Single 1 Week #41 YUNGBLUD & WILLOW Memories
0%
No matching quizzes found
Score Distribution
Percent of People with Each Score
Percentile by Number Answered
Your Score History
You have not taken this quiz since the last reset